Normal view
MARC view
Entry Término temático
001 - NÚMERO DE CONTROL
- campo de control: 29653
003 - IDENTIFICADOR DEL NÚMERO DE CONTROL
- campo de control: FranzMayer
005 - FECHA Y HORA DE LA ÚLTIMA TRANSACCIÓN
- campo de control: 20230906123227.0
008 - DATOS DE LONGITUD FIJA
- campo de control de longitud fija: 230906|| aca||aabn | a|a d
040 ## - FUENTE DE LA CATALOGACIÓN
- Centro catalogador/agencia de origen: FranzMayer
- Centro/agencia transcriptor: FranzMayer
150 ## - ENCABEZAMIENTO--TÉRMINO DE MATERIA
- Término de materia o nombre geográfico como elemento de entrada: Historia de España
- Subdivisión de forma: Cataluña
670 ## - FUENTE DE DATOS ENCONTRADOS
- Cita de la fuente: Work cat.: (FranzMayer)11046: Autor Casanova i Miró. Jordi 29652, El viatge a Espanya d´lexandre de Laborde, 2006